[Event "Festival Maggio"]
[Site "Roma ITA"]
[Date "1997.04.??"]
[Round "6"]
[White "Simeone, Giulio"]
[Black "Proietti, Giorgio"]
[Result "1-0"]
[WhiteElo "1714"]
[BlackElo "1717"]
[PlyCount "117"]
[EventDate "1997.04.30"]

1. c4 e6 2. d4 d5 3. Qb3 Nf6 4. Nc3 Nc6 5. cxd5 exd5 6. Nf3 Bd6 7. Bg5 Be7 8.
Bxf6 Bxf6 9. Qxd5 O-O 10. Qxd8 Rxd8 11. e3 Nb4 12. O-O-O Bg4 13. Be2 Nd5 14.
Ng1 Be6 15. Kb1 c6 16. Nxd5 Bxd5 17. Bf3 g6 18. Bxd5 Rxd5 19. Ne2 Rad8 20. Nf4
R5d7 21. Rc1 Bg5 22. Nd3 Be7 23. Nc5 Bxc5 24. Rxc5 f5 25. Kc2 f4 26. Kd2 fxe3+
27. fxe3 Rf7 28. Rc2 Rdf8 29. Re1 Rf2+ 30. Re2 Rf1 31. Rc1 Rxc1 32. Kxc1 Rf6
33. Kd2 Kf7 34. Ke1 Ke7 35. Rf2 Rd6 36. Ke2 Rd5 37. Kd3 Ra5 38. a3 Rb5 39. Rc2
Rf5 40. e4 Rg5 41. g3 h5 42. b4 h4 43. Rg2 a5 44. g4 b6 45. h3 axb4 46. axb4 c5
47. bxc5 bxc5 48. d5 Re5 49. Ra2 Kf8 50. Rc2 Re8 51. Rxc5 Ra8 52. d6 Ra3+ 53.
Rc3 Ra1 54. e5 Ke8 55. Ke4 Ra5 56. e6 Kd8 57. Rc7 Ra8 58. Ke5 Ke8 59. Rh7 1-0

[Event "Festival Maggio"]
[Site "Roma ITA"]
[Date "1997.04.??"]
[Round "6"]
[White "Spano' Cuomo, Gaetano"]
[Black "Pece, Alberto"]
[Result "1/2-1/2"]
[WhiteElo "1707"]
[BlackElo "1800"]
[PlyCount "109"]
[EventDate "1997.04.30"]

1. d4 Nf6 2. c4 e6 3. Nf3 b6 4. Nc3 Bb7 5. e3 Bb4 6. Be2 Ne4 7. Qc2 Bxc3+ 8.
bxc3 d6 9. Bd3 f5 10. Nd2 Nxd2 11. Bxd2 Nd7 12. e4 g6 13. O-O Qe7 14. Rfe1
O-O-O 15. exf5 gxf5 16. d5 Ne5 17. f4 Nxd3 18. Rxe6 Qg7 19. Qxd3 Rhg8 20. Qe2
Ba6 21. g3 Rdf8 22. a4 Qd7 23. a5 b5 24. Re7 Re8 25. Rxe8+ Rxe8 26. Qf2 bxc4
27. Qxa7 Qb5 28. Re1 Rxe1+ 29. Bxe1 Bb7 30. Qd4 Qxd5 31. Qh8+ Kd7 32. Qxh7+ Kc6
33. a6 Ba8 34. Qh8 Kb5 35. Qe8+ Ka5 36. Qe2 Qh1+ 37. Kf2 Qxh2+ 38. Ke3 Qxe2+
39. Kxe2 Kxa6 40. Ke3 Kb5 41. g4 fxg4 42. f5 Bd5 43. Kf4 Kc6 44. Kxg4 Kd7 45.
Kf4 c6 46. Ke3 Bg8 47. Kd2 Bh7 48. f6 Ke6 49. Bh4 Bg6 50. Bg3 d5 51. Ke3 Kxf6
52. Kd4 Ke6 53. Kc5 Be8 54. Bf2 Bd7 55. Bd4 1/2-1/2

[Event "Festival Maggio"]
[Site "Roma ITA"]
[Date "1997.04.??"]
[Round "6"]
[White "Teodorescu, Florin Cornel"]
[Black "Tosoni, Augusto"]
[Result "1-0"]
[WhiteElo "2300"]
[BlackElo "2056"]
[PlyCount "121"]
[EventDate "1997.04.30"]

1. e4 c5 2. Nf3 d6 3. g3 Nf6 4. Nc3 Nc6 5. Bg2 g6 6. d4 cxd4 7. Nxd4 Nxd4 8.
Qxd4 Bg7 9. Be3 O-O 10. Qd3 Ng4 11. O-O Nxe3 12. Qxe3 Be6 13. Nd5 Qd7 14. c3 b6
15. f4 f6 16. a4 Rac8 17. Rfe1 Bf7 18. Qd3 Rfd8 19. Rad1 e6 20. e5 fxe5 21.
fxe5 Kh8 22. Nf4 Qxa4 23. exd6 e5 24. Bh3 Rc6 25. Ne6 Rdxd6 26. Qxd6 Rxd6 27.
Rxd6 Bf6 28. Nd8 Bxd8 29. Rxd8+ Kg7 30. Rd7 Kg8 31. Rxe5 Qa1+ 32. Bf1 Kf8 33.
Re4 g5 34. Rc7 Qc1 35. Rxa7 b5 36. Re2 Bc4 37. Rf2+ Ke8 38. Ra8+ Kd7 39. Raf8
Qe3 40. Bxc4 bxc4 41. Kf1 Qd3+ 42. Re2 Qd1+ 43. Kf2 Qh1 44. Ke3 Qg1+ 45. Rff2
Kc6 46. Kd4 Kb5 47. Ke5 Ka4 48. Kf5 Qc1 49. Rd2 Qe1 50. Rfe2 Qf1+ 51. Kxg5 Qf7
52. Kg4 Kb3 53. h4 h5+ 54. Kh3 Qf3 55. Kh2 Qf1 56. Rf2 Qe1 57. Rde2 Qd1 58. Re5
Qg4 59. Rb5+ Ka4 60. Rb4+ Ka5 61. b3 1-0

[Event "Festival Maggio"]
[Site "Roma ITA"]
[Date "1997.04.??"]
[Round "6"]
[White "Togni, Giampiero"]
[Black "Cattarinich, Benedetto"]
[Result "1/2-1/2"]
[WhiteElo "1701"]
[BlackElo "1807"]
[PlyCount "49"]
[EventDate "1997.04.30"]

1. d4 Nf6 2. c4 e6 3. Nf3 c5 4. e3 d5 5. cxd5 exd5 6. Nc3 Nc6 7. Be2 Be7 8. O-O
O-O 9. h3 Be6 10. a3 Rc8 11. dxc5 Bxc5 12. b4 Bd6 13. Nb5 Bb8 14. Bb2 a5 15.
Nbd4 Re8 16. Rc1 Bd7 17. Nxc6 Bxc6 18. Nd4 Qd6 19. f4 Bd7 20. Rxc8 Rxc8 21. Bd3
Ne4 22. Bxe4 dxe4 23. Qh5 Qg6 24. Qxg6 hxg6 25. Rc1 1/2-1/2

[Event "Festival Maggio"]
[Site "Roma ITA"]
[Date "1997.04.??"]
[Round "6"]
[White "Trangoni, Bruno"]
[Black "Michelena, Rodolfo"]
[Result "0-1"]
[WhiteElo "1704"]
[BlackElo "1822"]
[PlyCount "170"]
[EventDate "1997.04.30"]

1. f4 d5 2. Nf3 c5 3. g3 Nc6 4. c3 Nf6 5. Bg2 e6 6. d3 Qc7 7. O-O Bd6 8. Na3 a6
9. Qa4 Rb8 10. e4 b5 11. Qc2 dxe4 12. dxe4 e5 13. Nh4 O-O 14. Nf5 Bb7 15. Nxd6
Qxd6 16. fxe5 Nxe5 17. Bf4 Qe6 18. Rad1 c4 19. Rd4 Rbe8 20. b3 Rc8 21. Bxe5
Qxe5 22. Rf5 Qe7 23. e5 Bxg2 24. exf6 Qxa3 25. fxg7 Rfe8 26. Kxg2 Qe7 27. Rf2
Rcd8 28. Rdf4 Qb7+ 29. R2f3 Re7 30. bxc4 bxc4 31. Rxc4 Rde8 32. Qf5 Re5 33. Qf4
R8e7 34. Rb4 Qa8 35. h4 Re2+ 36. Kh3 Qc8+ 37. g4 R2e5 38. Kg3 Qe6 39. c4 Qd6
40. c5 Qc7 41. h5 h6 42. Kh4 R7e6 43. Rb6 Qe7+ 44. Kg3 Rxc5 45. Rxe6 Qxe6 46.
Qf6 Qe1+ 47. Kh3 Qh1+ 48. Kg3 Qe1+ 49. Kg2 Rc2+ 50. Rf2 Qe4+ 51. Qf3 Qxf3+ 52.
Kxf3 Rc3+ 53. Kf4 Kxg7 54. Rd2 a5 55. Ke5 a4 56. Kd5 a3 57. Ke4 Rc4+ 58. Kf3
Rc3+ 59. Ke4 Kf6 60. Rf2+ Ke6 61. Kd4 Rg3 62. Rf4 Rg2 63. Re4+ Kf6 64. Rf4+ Kg7
65. Kc3 Rxa2 66. Kb3 Ra1 67. Rf2 a2 68. Rg2 Kf6 69. Kb2 Rf1 70. Kxa2 Kg5 71.
Kb3 Rf4 72. Kc3 Rxg4 73. Rh2 Rh4 74. Rf2 f5 75. Rg2+ Kxh5 76. Kd3 Rg4 77. Rh2+
Kg5 78. Ke3 h5 79. Kf3 f4 80. Rc2 Rg3+ 81. Kf2 Kg4 82. Rc7 Kh3 83. Rh7 h4 84.
Rh8 Rb3 85. Rg8 f3 0-1

[Event "Festival Maggio"]
[Site "Roma ITA"]
[Date "1997.04.??"]
[Round "6"]
[White "Zanobini, Andrea"]
[Black "Attanasi, Salvatore"]
[Result "1-0"]
[WhiteElo "1798"]
[BlackElo "1705"]
[PlyCount "197"]
[EventDate "1997.04.30"]

1. d4 e6 2. c4 f5 3. g3 Nf6 4. Bg2 Be7 5. Nf3 O-O 6. O-O d6 7. Nc3 Qe8 8. Qb3
c6 9. Re1 Ne4 10. Qc2 Qg6 11. c5 dxc5 12. Ne5 Qh5 13. Bf3 Qe8 14. Nxe4 fxe4 15.
Bxe4 Qh5 16. Be3 cxd4 17. Bxd4 Bf6 18. f4 Nd7 19. Nf3 Bxd4+ 20. Nxd4 Nf6 21.
Bf3 Qh6 22. Qb3 Nd5 23. e4 Nc7 24. Rac1 Kh8 25. Rc5 Qf6 26. Rd1 Rb8 27. Rxc6
Qe7 28. Rdc1 Na6 29. Rxa6 e5 30. Ne2 Bh3 31. Ra5 exf4 32. Nxf4 Rxf4 33. gxf4
Qf6 34. Qe3 Qxb2 35. Rg5 Rd8 36. Rd5 Rf8 37. Rcd1 Qf6 38. Kf2 Qh4+ 39. Ke2 Be6
40. Rh5 Bc4+ 41. Kd2 Qf6 42. Ke1 Qb2 43. Qd4 Qb4+ 44. Kf2 Rxf4 45. Rf5 Rxf5 46.
exf5 h6 47. Be2 Qa5 48. Bxc4 Qxf5+ 49. Ke3 Qh3+ 50. Ke4 Qg4+ 51. Kd3 Qxd1+ 52.
Ke4 Qg4+ 53. Kd5 Qd7+ 54. Ke4 Qg4+ 55. Kd3 Qd1+ 56. Ke3 Qc1+ 57. Kf2 Qc2+ 58.
Be2 Qf5+ 59. Kg1 Qb1+ 60. Bf1 Qg6+ 61. Kf2 Qf5+ 62. Ke1 Qb1+ 63. Qd1 Qe4+ 64.
Be2 Qh4+ 65. Kd2 Qd4+ 66. Bd3 Qf4+ 67. Kc3 Qe5+ 68. Kb3 Qd5+ 69. Kb2 Qd4+ 70.
Kb1 Qb4+ 71. Qb3 Qe1+ 72. Kb2 Qd2+ 73. Ka1 Qxh2 74. Qxb7 Qe5+ 75. Qb2 Qxb2+ 76.
Kxb2 h5 77. Kc2 g5 78. Bg6 h4 79. Bf5 Kg7 80. Kd3 Kf6 81. Ke4 a6 82. a4 a5 83.
Bg4 Kg6 84. Ke5 Kg7 85. Kf5 Kh6 86. Kf6 h3 87. Bxh3 Kh5 88. Kf5 Kh6 89. Bg4 Kg7
90. Kxg5 Kf7 91. Kf5 Ke7 92. Ke5 Kd8 93. Kd6 Ke8 94. Kc7 Ke7 95. Kb6 Kd6 96.
Kxa5 Kc7 97. Ka6 Kb8 98. Kb6 Ka8 99. Bf3+ 1-0

[Event "Festival Maggio"]
[Site "Roma ITA"]
[Date "1997.04.??"]
[Round "7"]
[White "Attanasi, Salvatore"]
[Black "Scagliarini, Valentina"]
[Result "0-1"]
[WhiteElo "1705"]
[BlackElo "1771"]
[PlyCount "50"]
[EventDate "1997.04.30"]

1. e4 e6 2. d4 d5 3. e5 c5 4. c3 Nc6 5. Nf3 Qb6 6. a3 a5 7. Bd3 Bd7 8. Bc2 f6
9. O-O Be7 10. Re1 O-O-O 11. dxc5 Bxc5 12. Qd2 Qc7 13. b4 Bb6 14. exf6 gxf6 15.
Qe2 Nge7 16. Be3 Rdg8 17. Bxb6 Qxb6 18. Nbd2 Ng6 19. Nb3 Nf4 20. Qd2 Nxg2 21.
Reb1 Nh4+ 22. Kh1 Nxf3 23. Qe2 Nh4 24. bxa5 Qc7 25. Nc5 Rg2 0-1

[Event "Festival Maggio"]
[Site "Roma ITA"]
[Date "1997.04.??"]
[Round "7"]
[White "Cattarinich, Benedetto"]
[Black "Simeone, Giulio"]
[Result "1-0"]
[WhiteElo "1807"]
[BlackElo "1714"]
[PlyCount "57"]
[EventDate "1997.04.30"]

1. d4 g6 2. c4 Bg7 3. Nc3 d6 4. e4 Nc6 5. Nge2 e5 6. d5 Nce7 7. Bg5 f5 8. exf5
Bxf5 9. Ng3 Qc8 10. Qd2 Nf6 11. h4 Qd7 12. f3 a6 13. Be2 Kf7 14. Bh6 Bxh6 15.
Qxh6 Qe8 16. Nge4 Qf8 17. Qe3 Qg7 18. O-O-O h6 19. Rdf1 Kg8 20. g4 Nxe4 21.
Nxe4 Bd7 22. f4 Rf8 23. f5 Bxf5 24. gxf5 Nxf5 25. Qh3 Kh7 26. Bg4 Nd4 27. Be6
Ne2+ 28. Kb1 Nf4 29. Rxf4 1-0

[Event "Festival Maggio"]
[Site "Roma ITA"]
[Date "1997.04.??"]
[Round "7"]
[White "Corvi, Marco"]
[Black "Mastropietro, Marco"]
[Result "1-0"]
[WhiteElo "2235"]
[BlackElo "1785"]
[PlyCount "61"]
[EventDate "1997.04.30"]

1. c4 Nf6 2. Nc3 c5 3. g3 Nc6 4. Bg2 e6 5. Nf3 d5 6. cxd5 exd5 7. d4 Be7 8. O-O
O-O 9. b3 Be6 10. Bb2 cxd4 11. Nxd4 Qd7 12. Re1 Bh3 13. Nxc6 bxc6 14. e4 Bxg2
15. Kxg2 d4 16. Na4 Rfe8 17. Qxd4 Qxd4 18. Bxd4 Bb4 19. Bc3 a5 20. f3 Nd7 21.
Bxb4 axb4 22. Red1 Red8 23. f4 Nf6 24. Kf3 h5 25. Rac1 Kf8 26. h3 Ke8 27. g4
hxg4+ 28. hxg4 Rxd1 29. Rxd1 Ke7 30. g5 Nd7 31. Rxd7+ 1-0

[Event "Festival Maggio"]
[Site "Roma ITA"]
[Date "1997.04.??"]
[Round "7"]
[White "Di Lascio, Savino"]
[Black "Diena, Giovanni"]
[Result "0-1"]
[WhiteElo "1927"]
[BlackElo "1540"]
[PlyCount "58"]
[EventDate "1997.04.30"]

1. Nf3 d5 2. g3 Nc6 3. Bg2 Nf6 4. O-O e6 5. d3 Bd6 6. Nbd2 O-O 7. Re1 Ne7 8. e4
dxe4 9. dxe4 Bc5 10. e5 Nfd5 11. Ne4 Bb6 12. Bg5 Qd7 13. c4 Nb4 14. Qxd7 Bxd7
15. Bxe7 Rfe8 16. Nc3 Rxe7 17. Rad1 Bc6 18. Nb5 Nc2 19. Rf1 Kf8 20. b3 Ke8 21.
Nfd4 Bxg2 22. Kxg2 Nxd4 23. Nxd4 Rd8 24. Nc2 Red7 25. Rxd7 Rxd7 26. Nb4 Rd2 27.
Ra1 Bxf2 28. Kh3 Bd4 29. Re1 c5 0-1

[Event "Festival Maggio"]
[Site "Roma ITA"]
[Date "1997.04.??"]
[Round "7"]
[White "Franchi, Jose' Maria"]
[Black "Bono, Leonardo"]
[Result "0-1"]
[WhiteElo "1846"]
[BlackElo "1765"]
[PlyCount "74"]
[EventDate "1997.04.30"]

1. d4 e6 2. e4 d5 3. Nc3 Bb4 4. e5 c5 5. a3 Bxc3+ 6. bxc3 Qa5 7. Bd2 Qa4 8. Qg4
g6 9. Qd1 Nc6 10. Be3 c4 11. f4 Bd7 12. Nf3 h6 13. Be2 O-O-O 14. Kd2 Rf8 15. g4
Nge7 16. Bf2 f5 17. exf6 Rxf6 18. Bg3 Rhf8 19. Rf1 Qa5 20. Qc1 Rxf4 21. Bxf4
Rxf4 22. Qb2 Rxg4 23. Kc1 Rg2 24. Re1 Nf5 25. Kd1 Qc7 26. Qc1 g5 27. h3 e5 28.
Nxe5 Nxe5 29. dxe5 Qc5 30. Bg4 d4 31. Bxf5 Bxf5 32. Qb2 dxc3 33. Qxc3 Qd5+ 34.
Kc1 Rxc2+ 35. Qxc2 Bxc2 36. Kxc2 Qd3+ 37. Kb2 Qd2+ 0-1

[Event "Festival Maggio"]
[Site "Roma ITA"]
[Date "1997.04.??"]
[Round "7"]
[White "Lepri, Livio"]
[Black "Fantazzini, Massimiliano"]
[Result "1-0"]
[WhiteElo "1999"]
[BlackElo "1753"]
[PlyCount "55"]
[EventDate "1997.04.30"]

1. c4 d6 2. Nc3 Nf6 3. Nf3 Bg4 4. e3 Bxf3 5. Qxf3 c6 6. d4 e6 7. d5 Nbd7 8. e4
Qb6 9. Bd3 h6 10. Qe2 cxd5 11. exd5 e5 12. O-O Be7 13. Be3 Qa5 14. f4 O-O 15.
Kh1 Rfe8 16. Bd2 Qb6 17. b3 a6 18. Ne4 Nxe4 19. Qxe4 Bf6 20. Rae1 Qd8 21. Qh7+
Kf8 22. Bf5 Ke7 23. Bxd7 Qxd7 24. fxe5 dxe5 25. Bb4+ Kd8 26. Qf5 Rc8 27. Ba5+
Rc7 28. Bxc7+ 1-0

[Event "Festival Maggio"]
[Site "Roma ITA"]
[Date "1997.04.??"]
[Round "7"]
[White "Marta, Daniele"]
[Black "Guarnieri, Giuseppe"]
[Result "0-1"]
[WhiteElo "1807"]
[BlackElo "1921"]
[PlyCount "60"]
[EventDate "1997.04.30"]

1. d4 Nf6 2. c4 c5 3. Nf3 g6 4. Nc3 Bg7 5. e4 cxd4 6. Nxd4 d6 7. Be2 O-O 8. O-O
Nc6 9. Nc2 b6 10. b3 Bb7 11. f3 Nd7 12. Bb2 Nc5 13. Rb1 f5 14. exf5 gxf5 15.
Nd5 e5 16. f4 Ne4 17. Qd3 Ne7 18. Nce3 Ng6 19. fxe5 Nc5 20. Qd1 f4 21. Nf6+ Kh8
22. Nf5 dxe5 23. Nxg7 Qxf6 24. Nh5 Qg5 25. Bf3 Rad8 26. Qe2 Bxf3 27. Qxf3 Rd3
28. h4 Nxh4 29. Bxe5+ Qxe5 30. Qg4 Nxg2 0-1

[Event "Festival Maggio"]
[Site "Roma ITA"]
[Date "1997.04.??"]
[Round "7"]
[White "Michelena, Rodolfo"]
[Black "Barro, Carlo"]
[Result "0-1"]
[WhiteElo "1822"]
[BlackElo "1762"]
[PlyCount "152"]
[EventDate "1997.04.30"]

1. b3 Nf6 2. Bb2 g6 3. g3 Bg7 4. Bg2 d6 5. d4 Nfd7 6. Nf3 c5 7. c3 cxd4 8. cxd4
Nc6 9. O-O O-O 10. e3 Rb8 11. Nbd2 Nb4 12. a3 Na6 13. Rc1 b5 14. Rc2 Bb7 15.
Qe2 Qb6 16. Rfc1 Rfc8 17. Qd3 Nc7 18. b4 Ne6 19. Qb3 Rxc2 20. Rxc2 Nf6 21. Nh4
Bxg2 22. Nxg2 Qb7 23. Qd3 Ng5 24. Ne1 Nh3+ 25. Kf1 Qh1+ 26. Ke2 Qxh2 27. Nf1
Qxf2+ 28. Kd1 Qf5 29. Qxf5 gxf5 30. Rc7 Nd5 31. Rxa7 Bh6 32. Kd2 Ng5 33. Ng2
Ne4+ 34. Kd3 Nf2+ 35. Kd2 Bg5 36. Ne1 Nb6 37. Ke2 Ne4 38. Nf3 Bf6 39. Rc7 Nc4
40. Bc1 Ra8 41. Rb7 Nxa3 42. Bxa3 Rxa3 43. N3d2 Ra2 44. Kd3 Ra3+ 45. Kc2 Bg5
46. Nxe4 fxe4 47. Kd2 Ra2+ 48. Ke1 h5 49. Rxb5 f6 50. Rb7 Kf7 51. b5 h4 52. Rb8
Kg7 53. b6 h3 54. b7 Rb2 55. Kd1 Bxe3 56. g4 Bxd4 57. Kc1 Rb5 58. Ng3 Ba7 59.
Rc8 Rxb7 60. Nf5+ Kh7 61. Rf8 e6 62. Ng3 Kg7 63. Rd8 h2 64. Nh5+ Kh7 65. Ng3
Be3+ 66. Kc2 Bf4 67. Nh1 Rc7+ 68. Kb3 Rc1 69. Nf2 h1=Q 70. Nxh1 Rxh1 71. Rd7+
Kg6 72. Re7 e5 73. Re8 Rd1 74. Rg8+ Kf7 75. Rd8 e3 76. Kc2 e2 0-1

[Event "Festival Maggio"]
[Site "Roma ITA"]
[Date "1997.04.??"]
[Round "7"]
[White "Pece, Alberto"]
[Black "Galeno, Walter"]
[Result "0-1"]
[WhiteElo "1800"]
[BlackElo "1803"]
[PlyCount "134"]
[EventDate "1997.04.30"]

1. e4 d6 2. d4 Nf6 3. Bd3 g6 4. c3 Bg7 5. Nf3 c6 6. O-O O-O 7. h3 Nbd7 8. Re1
e5 9. Be3 Qc7 10. Nbd2 Re8 11. Qc2 b5 12. dxe5 Nxe5 13. Nxe5 dxe5 14. Nf3 a6
15. a4 Bb7 16. axb5 cxb5 17. Nd2 Red8 18. Nb3 Rxd3 19. Qxd3 Bxe4 20. Qe2 Qc6
21. f3 Bd5 22. Na5 Qe6 23. b3 Bxb3 24. Nxb3 Qxb3 25. Qd2 Nd5 26. Bh6 Bxh6 27.
Qxh6 Qxc3 28. Rac1 Qd4+ 29. Kh1 Nf4 30. Qg5 Nd3 31. Qe7 Nxe1 32. Rxe1 Rd8 33.
Rxe5 Qd6 34. Qxd6 Rxd6 35. Re8+ Kg7 36. Rb8 Rd4 37. Rb6 Ra4 38. Kg1 b4 39. Kf2
a5 40. Ke3 Ra3+ 41. Kd4 b3 42. Kc3 a4 43. Kb2 Ra2+ 44. Kb1 Rxg2 45. Rb4 Ra2 46.
h4 h5 47. Kc1 Kf6 48. Kb1 a3 49. f4 Rh2 50. Rb6+ Kf5 51. Rb5+ Kg4 52. Rg5+ Kxf4
53. Rg1 Rxh4 54. Rf1+ Ke4 55. Re1+ Kd4 56. Rd1+ Kc4 57. Rf1 Rh2 58. Re1 a2+ 59.
Ka1 Kd3 60. Re3+ Kd2 61. Rd3+ Ke1 62. Rd1+ Kf2 63. Rf1+ Kg3 64. Rf3+ Kg4 65.
Rg3+ Kf5 66. Rg5+ Kf6 67. Rxg6+ Ke7 0-1

[Event "Festival Maggio"]
[Site "Roma ITA"]
[Date "1997.04.??"]
[Round "7"]
[White "Petruccioli, Antonio"]
[Black "Zanobini, Andrea"]
[Result "1-0"]
[WhiteElo "1926"]
[BlackElo "1798"]
[PlyCount "94"]
[EventDate "1997.04.30"]

1. e4 c5 2. c3 d5 3. exd5 Qxd5 4. d4 cxd4 5. cxd4 e6 6. Nc3 Bb4 7. Nf3 Nf6 8.
Bd3 O-O 9. O-O Bxc3 10. bxc3 b6 11. Re1 Ba6 12. Bxa6 Nxa6 13. Qd3 Qb7 14. Ng5
Rfd8 15. Qh3 Rac8 16. Bd2 Nc5 17. Qe3 Nce4 18. Rab1 h6 19. Rb4 Nxc3 20. Bxc3
Nd5 21. Qe4 hxg5 22. Bd2 Qe7 23. Rb3 Nf6 24. Qe3 g4 25. Rd3 Rd5 26. Qe2 Qd6 27.
Be3 Rh5 28. g3 Qd5 29. Bf4 Qf5 30. Be5 Nd5 31. Kg2 Qh7 32. Rh1 Qf5 33. Re1 f6
34. Bd6 Kf7 35. Kg1 Rch8 36. h4 gxh3 37. g4 h2+ 38. Kh1 Nf4 39. Bxf4 Qd5+ 40.
f3 Rh3 41. Rc3 R8h4 42. Rc7+ Kg6 43. Qc2+ f5 44. Rxe6+ Qxe6 45. gxf5+ Qxf5 46.
Rc6+ Kf7 47. Qxf5+ Ke7 1-0

[Event "Festival Maggio"]
[Site "Roma ITA"]
[Date "1997.04.??"]
[Round "7"]
[White "Pezzaldi, Roberto"]
[Black "Moroni, Marco"]
[Result "0-1"]
[WhiteElo "2105"]
[BlackElo "1785"]
[PlyCount "94"]
[EventDate "1997.04.30"]

1. c4 Nf6 2. Nc3 c5 3. Nf3 Nc6 4. d4 cxd4 5. Nxd4 Nxd4 6. Qxd4 d6 7. g3 g6 8.
Bg2 Bg7 9. O-O O-O 10. b3 a6 11. Bb2 Rb8 12. Rad1 Bd7 13. Nd5 Bc6 14. Qd2 Nxd5
15. Bxg7 Kxg7 16. Bxd5 Bxd5 17. Qb2+ Kg8 18. Rxd5 Qc7 19. Rfd1 Rfd8 20. h4 b5
21. cxb5 Rxb5 22. Rxb5 axb5 23. Rc1 Qb7 24. Qc3 Ra8 25. Rc2 d5 26. Qb4 Rb8 27.
Rc5 e6 28. Qf4 Rc8 29. Qc1 Rxc5 30. Qxc5 Qa6 31. a3 Qa5 32. Kg2 Qa6 33. Kf3 Qb7
34. Ke3 Qd7 35. Kd4 e5+ 36. Kxe5 Qe6+ 37. Kd4 Qxe2 38. Kc3 Qe1+ 39. Kd4 Qxf2+
40. Kxd5 Qf3+ 41. Kd4 Qxb3 42. Qd6 Qc4+ 43. Ke5 Qc8 44. Kd5 Qc4+ 45. Ke5 Qe2+
46. Kd5 Qf3+ 47. Kc5 Qxa3+ 0-1

[Event "Festival Maggio"]
[Site "Roma ITA"]
[Date "1997.04.??"]
[Round "7"]
[White "Proietti, Giorgio"]
[Black "Spano' Cuomo, Gaetano"]
[Result "1/2-1/2"]
[WhiteElo "1717"]
[BlackElo "1707"]
[PlyCount "138"]
[EventDate "1997.04.30"]

1. d4 Nf6 2. c4 e6 3. Nf3 c5 4. d5 d6 5. Nc3 e5 6. e4 g6 7. Be2 Bg7 8. O-O O-O
9. Ne1 Nbd7 10. Nd3 Re8 11. Be3 b6 12. f3 Nf8 13. b4 Nh5 14. bxc5 bxc5 15. Rb1
Nf4 16. Qd2 Nxe2+ 17. Qxe2 f5 18. Nb5 f4 19. Bf2 g5 20. Rb2 Ba6 21. Rfb1 Ng6
22. Be1 Qd7 23. Ba5 Rac8 24. Nf2 h5 25. Rb3 Kf7 26. h3 Bf6 27. Qb2 Rh8 28. Be1
Ra8 29. Qa3 Bc8 30. Qa5 Bd8 31. Qa3 Nf8 32. Ba5 Bxa5 33. Qxa5 Nh7 34. Qc7 Ke7
35. Qxd7+ Kxd7 36. Ra3 a6 37. Nc3 Nf6 38. Na4 Kc7 39. Rab3 Nd7 40. Kf1 a5 41.
Ke2 Ba6 42. Kd3 Rhb8 43. Kc3 Rb4 44. Nb2 Rab8 45. Rxb4 cxb4+ 46. Kc2 Nc5 47.
Nfd3 Nxd3 48. Kxd3 Bc8 49. Kc2 Bd7 50. Kb3 Rg8 51. Rf1 g4 52. hxg4 hxg4 53. Rf2
gxf3 54. gxf3 Rg3 55. Nd3 Kb6 56. c5+ dxc5 57. Nxe5 a4+ 58. Kb2 Bh3 59. Nd3 Rg2
60. Rxg2 Bxg2 61. Nxf4 Bxf3 62. e5 c4 63. e6 Kc7 64. e7 Kd7 65. d6 Bc6 66. a3
c3+ 67. Ka1 b3 68. Nd3 b2+ 69. Nxb2 cxb2+ 1/2-1/2

[Event "Festival Maggio"]
[Site "Roma ITA"]
[Date "1997.04.??"]
[Round "7"]
[White "Scacco, Mauro"]
[Black "Monteleone, Antonio"]
[Result "0-1"]
[WhiteElo "2035"]
[BlackElo "2195"]
[PlyCount "68"]
[EventDate "1997.04.30"]

1. e4 e6 2. d4 d5 3. Nc3 Nf6 4. Bg5 Bb4 5. exd5 Qxd5 6. Bxf6 Bxc3+ 7. bxc3 gxf6
8. Ne2 Bd7 9. a4 Bc6 10. Qd2 Nd7 11. Nf4 Qe4+ 12. Qe3 Qxe3+ 13. fxe3 a5 14. c4
Nb6 15. c5 Nxa4 16. c4 Nc3 17. Ra3 Ne4 18. Bd3 f5 19. Ke2 Nf6 20. Rha1 b6 21.
cxb6 cxb6 22. Rb1 Nd7 23. d5 exd5 24. cxd5 Bb7 25. Bxf5 Ba6+ 26. Kf2 Rb8 27. d6
Bc4 28. Ra4 Be6 29. Re4 Nc5 30. Re5 Kd7 31. Nxe6 fxe6 32. Bxh7 Kxd6 33. Rh5
Ne4+ 34. Kf1 Nf6 0-1

[Event "Festival Maggio"]
[Site "Roma ITA"]
[Date "1997.04.??"]
[Round "7"]
[White "Scagliarini, Bruno"]
[Black "Laudati, Adriano"]
[Result "1-0"]
[WhiteElo "1728"]
[BlackElo "1852"]
[PlyCount "98"]
[EventDate "1997.04.30"]

1. c4 e5 2. g3 Nf6 3. Bg2 Nc6 4. Nc3 Bb4 5. Nd5 Bc5 6. e3 O-O 7. Ne2 Re8 8. O-O
a5 9. Nec3 Nb4 10. Nxf6+ Qxf6 11. Ne4 Qb6 12. Nxc5 Qxc5 13. d3 Qe7 14. b3 d6
15. a3 Nc6 16. Bb2 Bf5 17. Qd2 Qd7 18. Rfe1 Bh3 19. Bh1 Re6 20. d4 exd4 21.
exd4 Rxe1+ 22. Rxe1 Re8 23. Bc3 b6 24. b4 axb4 25. axb4 Kf8 26. b5 Nd8 27. d5
Rxe1+ 28. Qxe1 f6 29. Bg2 Bf5 30. Qa1 Nb7 31. Qa8+ Qc8 32. Qxc8+ Bxc8 33. Be4
Kg8 34. Bb4 Kf7 35. Kf1 h6 36. Ke2 Nc5 37. Bxc5 dxc5 38. Ke3 g5 39. h4 Ke7 40.
hxg5 fxg5 41. f4 Kf6 42. Kf3 Bh3 43. Bd3 h5 44. Ke3 Bg2 45. Be2 Kg6 46. Bd3+
Kf6 47. Kf2 Bh3 48. Kf3 Bg4+ 49. Ke3 49... Bh3 $139 1-0

[Event "Festival Maggio"]
[Site "Roma ITA"]
[Date "1997.04.??"]
[Round "7"]
[White "Steinfl, Alessandro"]
[Black "Marzano, Carlo"]
[Result "1-0"]
[WhiteElo "2240"]
[BlackElo "2175"]
[PlyCount "127"]
[EventDate "1997.04.30"]

1. d4 d5 2. Bg5 h6 3. Bh4 c6 4. e3 Qb6 5. b3 e5 6. c3 Nd7 7. Nf3 Bd6 8. Be2 e4
9. Nfd2 Ne7 10. Bxe7 Bxe7 11. O-O O-O 12. c4 f5 13. Nc3 Nf6 14. Rb1 Qa5 15. Qc2
Bb4 16. Rfc1 Ba3 17. Rd1 Bb4 18. Na4 Bd6 19. a3 Qc7 20. Nf1 Qf7 21. b4 f4 22.
exf4 Bxf4 23. g3 Bd6 24. Ne3 Kh8 25. b5 Nh7 26. Rf1 Ng5 27. bxc6 bxc6 28. cxd5
Bh3 29. Qxc6 Bxf1 30. Rxf1 Bxa3 31. Nc5 Rac8 32. Qb5 Nf3+ 33. Bxf3 Qxf3 34. Ne6
Rf7 35. Qa6 Rc3 36. Nf4 Bc1 37. Ng6+ Kh7 38. Ne5 Qf6 39. d6 Bxe3 40. Nxf7 Qxf7
41. fxe3 Qe6 42. Qa5 Rxe3 43. Qf5+ Qxf5 44. Rxf5 Rb3 45. d7 Rb8 46. Ra5 Rd8 47.
Rxa7 Kg6 48. Kf2 Kf5 49. Ke3 g6 50. h3 h5 51. g4+ hxg4 52. hxg4+ Kf6 53. Kxe4
Ke6 54. Ra6+ Kxd7 55. Rxg6 Ke7 56. Ke5 Kf7 57. Rf6+ Ke7 58. g5 Ra8 59. Rh6 Ra5+
60. d5 Ra1 61. Rh7+ Kf8 62. d6 Rd1 63. d7 Kg8 64. Re7 1-0

[Event "Festival Maggio"]
[Site "Roma ITA"]
[Date "1997.04.??"]
[Round "7"]
[White "Tosoni, Augusto"]
[Black "Campanile, Antonio"]
[Result "0-1"]
[WhiteElo "2056"]
[BlackElo "2200"]
[PlyCount "92"]
[EventDate "1997.04.30"]

1. e4 d5 2. exd5 Qxd5 3. Nc3 Qa5 4. d4 Nf6 5. Nf3 c6 6. h3 Bf5 7. Bd3 e6 8. O-O
Bd6 9. Re1 Bxd3 10. Qxd3 Nbd7 11. a3 Rd8 12. Bg5 h6 13. Ne4 Be7 14. Bh4 Nxe4
15. Bxe7 Nxf2 16. Bxd8 Qxe1+ 17. Nxe1 Nxd3 18. Nxd3 Kxd8 19. Rf1 Ke7 20. Re1
Re8 21. Re3 Kd6 22. c4 Re7 23. Nf4 c5 24. dxc5+ Kxc5 25. Rc3 a5 26. Nd3+ Kd4
27. Nf2 Ne5 28. Rg3 f6 29. b3 a4 30. bxa4 Kxc4 31. Nd1 Rd7 32. Nb2+ Kd4 33. Rb3
Rc7 34. Rb4+ Kc3 35. a5 Nd3 36. Na4+ Kd2 37. Re4 e5 38. g4 Rc1+ 39. Kg2 Nf4+
40. Kg3 Rh1 41. Nc5 Rxh3+ 42. Kf2 Nd3+ 43. Nxd3 Rxd3 44. Ra4 Rd4 45. Rb4 Rxb4
46. axb4 e4 0-1

[Event "III Torneo Leonardo di Bona A"]
[Site "Cutro ITA"]
[Date "1997.04.28"]
[Round "1"]
[White "Contin, Daniel"]
[Black "Scavo, Fernando"]
[Result "1-0"]
[WhiteElo "2320"]
[BlackElo "2155"]
[PlyCount "59"]
[EventDate "1997.04.28"]

1.Nf3 d5 2.c4 e6 3.g3 Nf6 4.Bg2 c5 5.O-O Nc6 6.b3 Be7 7.e3 O-O 8.Qe2 b6 9.
Bb2 Bb7 10.Rd1 Qc7 11.Nc3 Rad8 12.Rac1 Qb8 13.cxd5 Nxd5 14.Nxd5 Rxd5 15.d4
cxd4 16.Nxd4 Nxd4 17.exd4 Qa8 18.Bxd5 Bxd5 19.Rd3 Bg5 20.Rcc3 Rd8 21.Rc7 
Bf6 22.f3 Bc6 23.Qe3 Bb5 24.Rd2 Bc6 25.d5 Bxd5 26.Bxf6 gxf6 27.Qh6 Qb8 28.
Rd4 f5 29.Qg5+ Kf8 30.Qe7+ 1-0

[Event "III Torneo Leonardo di Bona A"]
[Site "Cutro ITA"]
[Date "1997.04.28"]
[Round "1"]
[White "Mrdja, Milan"]
[Black "Blasco, Domenico"]
[Result "1-0"]
[WhiteElo "2425"]
[BlackElo "2195"]
[PlyCount "69"]
[EventDate "1997.04.28"]

1.e4 Nf6 2.e5 Nd5 3.d4 d6 4.Nf3 dxe5 5.Nxe5 g6 6.c4 Nb6 7.Be3 Bg7 8.Nc3 
Bxe5 9.dxe5 Qxd1+ 10.Rxd1 Be6 11.b3 O-O 12.f4 f6 13.exf6 exf6 14.Kf2 Nc6 
15.Be2 Ne7 16.Nb5 Rfc8 17.a4 Nf5 18.Bg4 Kf7 19.Rhe1 h5 20.Bh3 a6 21.Nxc7 
Rxc7 22.Bxb6 Rc6 23.a5 Ng7 24.Bxe6+ Nxe6 25.Rd7+ Kg8 26.Kf3 g5 27.g3 g4+ 
28.Kf2 Nc5 29.Rd5 Nxb3 30.Rb1 Rxc4 31.Rxb3 Rc2+ 32.Kg1 Re8 33.Be3 Kf7 34.
Rxb7+ Kg6 35.f5# 1-0